000 02220cam a22005054i 4500
003 PE-LiUPU
005 20250731165557.0
008 150625s r 000 0 d
020 _a1563081768
035 _a(Sirsi) i9781563081767
040 _aPE-LiUPU
_bspa
_cPE-LiUPU
_erda
049 _aPRUA
082 0 4 _a025.315
_bB99
_221
100 1 _aByrne, Deborah J.,
_eautor.
245 1 0 _aManual de Marc:
_bcómo interpretar y usar registros Marc/
_cDeborah J. Byrne ; traducido y adaptado de la 2da edición en inglés en GREBYD por Nicolás Rucks.
264 1 _aBuenos Aires :
_bGREBYD,
_c2001.
300 _a270 páginas ;
_c28 centímetros
336 _atext
_2rdacontent
337 _aunmediated
_2rdamedia
338 _avolume
_2rdacarrier
500 _a"Glosario"; (A-W).
505 0 _aTeoría y desarrollo del MArc. -Estructura y designación de contenido del formato MArc. -Integración del formato MArc. -Los patrones en el formato MArc. -Principales códigos bibliográficos MArc. -Registro de MArcen soporte electrónico. -Procesamiento de bases de datos MArc. -Productos de bases de datos MArc. -Sistemas en línea basados en MArc. -Formato MArcde autoridades. -Formato MArcpara datos de existencias. -Formato MArcpara información comunitaria. -Uso del MArcen diferentes tipos de bibliotecas.
526 _aSEG44
526 _aSEG26
526 _aP151
526 _aP150
526 _aP149
526 _aP146
526 _aP145
526 _aP126
526 _aP125
526 _aP92
526 _aP75
526 _aP74
526 _aP27
526 _aP15
541 _g015-005991;
650 0 4 _aCatalogación bibliográfica
_xProceso de datos
_vNormas.
650 0 4 _aFormatos MArc.
942 _2ddc
_cBOOK
949 _a025.315 B99
_wDEWEY
_c1
_i55646
_lCCODEBUL1
_mBUL
_p48.00
_r0
_sY
_tBOOK
_u2015-6-25
_xEDUCACION
_zUNKNOWN
_0COMPRA
_o.STAFF. Colección General
994 _aC0
_bPEPRU
596 _a1
999 _a025.315 B99
_wDEWEY
_c44506
_i55646
_f2021-11-4
_g5
_lCCODEBUL1
_mBUL
_p48.00
_r0
_sY
_tBOOK
_u2015-6-25
_xBIBLIOTECA
_zUNKNOWN
_0COMPRA
_o.STAFF. Colección General
_d44506
980 _81
_gALBERTO SANCHEZ Responsable de Automatización